A cloud of witnesses: (Record no. 5078)

000 -LEADER
fixed length control field 00705nam a2200193 a 4500
001 - CONTROL NUMBER
control field :::00002819$&:&@@
003 - CONTROL NUMBER IDENTIFIER
control field OkBaRHE
005 - DATE AND TIME OF LATEST TRANSACTION
control field 20000607103257.0
008 - FIXED-LENGTH DATA ELEMENTS--GENERAL INFORMATION
fixed length control field s1961 j 000 0 eng u
040 ## - CATALOGING SOURCE
Transcribing agency
100 1# - MAIN ENTRY--PERSONAL NAME
Personal name Hall, Asa Zadel.
245 12 - TITLE STATEMENT
Title A cloud of witnesses:
Remainder of title pen portraits and character sketches of people around Paul the great apostle--his friends and enemies.
260 ## - PUBLICATION, DISTRIBUTION, ETC. (IMPRINT)
Place of publication, distribution, etc Grand Rapids, MI., :
Name of publisher, distributor, etc Zondervan Publishing House
Date of publication, distribution, etc c1961
300 ## - PHYSICAL DESCRIPTION
Extent 88 p. : illus. ;
Dimensions 20 cm.
650 ## - SUBJECT ADDED ENTRY--TOPICAL TERM
Topical term or geographic name as entry element Bible New Testament
General subdivision Biography
650 ## - SUBJECT ADDED ENTRY--TOPICAL TERM
Topical term or geographic name as entry element Paul, Saint, apostle
942 ## - ADDED ENTRY ELEMENTS (KOHA)
Source of classification or shelving scheme
Koha item type Books
Copies
Barcode Withdrawn status Permanent Location Koha item type Damaged status Not for loan Source of classification or shelving scheme Price effective from Shelving location Copy number Date acquired Full call number Lost status Date last seen
2819 RHEMA Bible Training CollegeBooks   2010-04-14General Stacks12010-04-14BS 2430 .H226 2018-03-16